[Event "Millionaire Chess Op 2015"]
[Site "Las Vegas USA"]
[Date "2015.10.08"]
[Round "1.28"]
[White "Carreto Nieto, Geovanni"]
[Black "Troff, Kayden W"]
[Result "0-1"]
[WhiteTitle "CM"]
[BlackTitle "GM"]
[WhiteElo "2193"]
[BlackElo "2517"]
[WhiteFideId "5105030"]
[BlackFideId "2047896"]
[EventDate "2015.10.08"]

1. e4 c5 2. Nf3 d6 3. d4 cxd4 4. Nxd4 Nf6 5. Nc3 a6 6. Bg5 Nbd7 7. f4 e5 8. Nf5
Qb6 9. Qd2 h6 10. Bh4 Qxb2 11. Rb1 Qa3 12. Bc4 g6 13. Ne3 Be7 14. f5 g5 15. Bf2
Qa5 16. Bd5 Nb6 17. Rxb6 Qxb6 18. Nc4 Qd8 19. Bb6 Qd7 20. a4 Bd8 21. O-O Rb8 22.
Rb1 O-O 23. Nxd6 Nxd5 24. Qxd5 Bxb6+ 25. Rxb6 Qc7 26. Qb3 Rd8 27. Nxf7 Qxf7 28.
Rg6+ Kf8 29. Qb4+ Ke8 30. Rxh6 Bxf5 31. exf5 Qxf5 32. Qc4 Kf8 33. Nd5 Rbc8 34.
Qb4+ Kg7 35. Qe7+ Kxh6 0-1

[Event "Millionaire Chess Op 2015"]
[Site "Las Vegas USA"]
[Date "2015.10.08"]
[Round "1.30"]
[White "Melekhina, Alisa"]
[Black "Arun Prasad, S."]
[Result "0-1"]
[WhiteTitle "FM"]
[BlackTitle "GM"]
[WhiteElo "2191"]
[BlackElo "2520"]
[WhiteFideId "2022613"]
[BlackFideId "5011167"]
[EventDate "2015.10.08"]

1. e4 c5 2. Nc3 d6 3. g3 Nc6 4. Bg2 g6 5. d3 Bg7 6. Be3 Rb8 7. Qd2 b5 8. Nd1 b4
9. h3 Qb6 10. Ne2 Nd4 11. c3 bxc3 12. bxc3 Nxe2 13. Qxe2 Nf6 14. O-O O-O 15. f4
Ba6 16. Rc1 Nd7 17. g4 Qa5 18. h4 Rb6 19. g5 Rfb8 20. Bh3 Bc8 21. h5 Rb1 22. Rc2
Ra1 23. Bg4 Rbb1 24. hxg6 hxg6 25. Qf2 Qa6 26. d4 Qd3 27. Rd2 Qxe4 28. Bf3 Qe6
29. dxc5 dxc5 30. Qg3 Bxc3 31. Rd3 Bd4 32. Bg4 Qd6 33. Bxd4 cxd4 34. Qh4 f5 35.
Be2 Nf8 36. Rh3 Kf7 37. Qh8 Be6 38. Rd3 Rxa2 39. Nc3 Rxf1+ 40. Bxf1 Ra1 41. Ne2
Bc4 42. Rxd4 Qc5 43. Kg2 Qc6+ 44. Kf2 Rxf1+ 45. Kxf1 Qf3+ 46. Kg1 Bxe2 47. Qh4
Qf1+ 48. Kh2 Bf3 49. Rd2 Qh1+ 50. Kg3 Qe1+ 51. Rf2 Be4 52. Qh2 Ne6 53. Kh3 Nd4 0-1

[Event "Millionaire Chess Op 2015"]
[Site "Las Vegas USA"]
[Date "2015.10.08"]
[Round "1.31"]
[White "Pakleza, Zbigniew"]
[Black "Contreras, Henry"]
[Result "1-0"]
[WhiteTitle "GM"]
[BlackTitle "FM"]
[WhiteElo "2517"]
[BlackElo "2186"]
[WhiteFideId "1119290"]
[BlackFideId "4400623"]
[EventDate "2015.10.08"]

1. d4 Nf6 2. Nf3 g6 3. Bf4 Bg7 4. e3 d6 5. h3 O-O 6. Be2 c5 7. c3 Qb6 8. Qb3 Nc6
9. Nbd2 Be6 10. Qxb6 axb6 11. a3 h6 12. O-O Na5 13. Rfe1 Nb3 14. Rad1 Nxd2 15.
Nxd2 Rfc8 16. Bh2 Bd5 17. Bf1 Ne4 18. Nb1 Bb3 19. Rc1 Ba4 20. f3 Nf6 21. g4 Kf8
22. Kg2 Bc6 23. Nd2 b5 24. e4 b6 25. d5 Bd7 26. Bg1 e6 27. Bh2 exd5 28. exd5
Nxd5 29. Ne4 b4 30. Nxd6 bxa3 31. bxa3 Rd8 32. Nc4 Bxc3 33. Rxc3 Nxc3 34. Nxb6
Bb5 35. Nxa8 1-0

[Event "Millionaire Chess Op 2015"]
[Site "Las Vegas USA"]
[Date "2015.10.08"]
[Round "1.33"]
[White "Tazbir, Marcin"]
[Black "Pinto Henriquez, Rodrigo"]
[Result "1-0"]
[WhiteTitle "GM"]
[WhiteElo "2516"]
[BlackElo "2177"]
[WhiteFideId "1122452"]
[BlackFideId "2207931"]
[EventDate "2015.10.08"]

1. e4 e5 2. Nf3 Nc6 3. Bb5 a6 4. Bxc6 dxc6 5. d3 f6 6. Nbd2 Be6 7. b3 Ne7 8. Nf1
c5 9. Ne3 Nc6 10. Bb2 Qd7 11. Qd2 Nd4 12. Ng1 O-O-O 13. c3 Nc6 14. O-O-O g6 15.
Qe2 Bh6 16. Nf3 Nd4 17. cxd4 cxd4 18. Kb1 dxe3 19. fxe3 Qb5 20. Rhe1 Rhe8 21.
Qc2 Rd6 22. d4 Bg4 23. d5 Bf8 24. Rc1 Rd7 25. a4 Qb6 26. Nd2 Bb4 27. Nc4 Qc5 28.
h3 b5 29. Rf1 Bh5 30. Rxf6 bxc4 31. g4 Rd6 32. Rxd6 Qxd6 33. Qxc4 Bxg4 34. hxg4
a5 35. Qb5 Qd7 36. Rc6 Kd8 37. g5 Re7 38. Ka2 Ke8 39. Ba3 Bxa3 40. Kxa3 Kf8 41.
Qxa5 Rf7 42. Re6 Re7 43. Qc5 h6 44. gxh6 1-0

[Event "Millionaire Chess Op 2015"]
[Site "Las Vegas USA"]
[Date "2015.10.08"]
[Round "1.34"]
[White "Gershenov, Ben"]
[Black "Stopa, Jacek"]
[Result "0-1"]
[BlackTitle "GM"]
[WhiteElo "2162"]
[BlackElo "2469"]
[WhiteFideId "2027160"]
[BlackFideId "1119591"]
[EventDate "2015.10.08"]

1. d4 Nf6 2. c4 b6 3. Nc3 Bb7 4. Qc2 d5 5. cxd5 Nxd5 6. e4 Nxc3 7. bxc3 e6 8.
Nf3 Be7 9. Bb5+ c6 10. Bd3 O-O 11. e5 h6 12. h4 c5 13. Bh7+ Kh8 14. Ng5 cxd4 15.
cxd4 Qxd4 16. Bb2 Qg4 17. f3 Qg3+ 18. Kf1 Ba6+ 19. Bd3 Rc8 20. Qe2 Bxd3 21. Qxd3
Bxg5 22. hxg5 Qxg5 23. Kf2 Rd8 0-1

[Event "Millionaire Chess Op 2015"]
[Site "Las Vegas USA"]
[Date "2015.10.08"]
[Round "1.36"]
[White "Berczes, David"]
[Black "Ghatti, Sanjay"]
[Result "1-0"]
[WhiteTitle "GM"]
[WhiteElo "2495"]
[BlackElo "2162"]
[WhiteFideId "722960"]
[BlackFideId "2076438"]
[EventDate "2015.10.08"]

1. d4 d5 2. Bf4 Nf6 3. e3 e6 4. c3 Bd6 5. Bd3 Bxf4 6. exf4 c5 7. dxc5 Qc7 8. Ne2
Qxc5 9. O-O O-O 10. Nd2 b6 11. a4 Ba6 12. Nb3 Qc7 13. Bb5 Bxb5 14. axb5 Nbd7 15.
Nbd4 Nc5 16. f3 Nb7 17. g3 Nd6 18. Ra2 Qc5 19. Nc1 Rfc8 20. Nd3 Qc7 21. Qc2 Nd7
22. Rfa1 Nc5 23. Nb4 Qd7 24. Qe2 Rc7 25. Nbc2 h6 26. Ne3 Nc8 27. Ng4 Nb7 28. Ne5
Qe8 29. Nec6 Nbd6 30. f5 exf5 31. Qxe8+ Nxe8 32. Nxf5 a5 33. b4 Ned6 34. Ncd4
Nxf5 35. Nxf5 a4 36. Ra3 Kh7 37. Rd1 Rd7 38. c4 g6 39. Ne3 Nd6 40. Rad3 a3 41.
Nxd5 a2 42. Ra1 Ne8 43. Re3 Rd6 44. Re2 Nf6 45. Raxa2 Rxa2 46. Nxf6+ Rxf6 47.
Rxa2 Rxf3 48. c5 1-0

[Event "Millionaire Chess Op 2015"]
[Site "Las Vegas USA"]
[Date "2015.10.08"]
[Round "1.37"]
[White "Gurevich, Daniel"]
[Black "Harriott, Tyrell"]
[Result "1-0"]
[WhiteTitle "FM"]
[WhiteElo "2472"]
[BlackElo "2053"]
[WhiteFideId "2044676"]
[BlackFideId "2086484"]
[EventDate "2015.10.08"]

1. e4 d6 2. d4 Nf6 3. Nc3 Nbd7 4. Nf3 e5 5. Bc4 Be7 6. O-O O-O 7. Qe2 exd4 8.
Nxd4 Ne5 9. Bb3 Re8 10. f4 Ng6 11. Qc4 Rf8 12. Bd2 c6 13. Rae1 Nxe4 14. Rxe4 d5
15. Nxd5 cxd5 16. Qxd5 Qxd5 17. Bxd5 Bc5 18. b4 Bb6 19. f5 Ne7 20. Rxe7 Bxd4+
21. Kh1 Bf6 22. Re2 Bd7 23. Bxb7 Bb5 24. Bxa8 Bxe2 25. Re1 Bc4 26. Bc6 Bxa2 27.
b5 Bc4 28. Be3 a5 29. b6 Rb8 30. Bf4 Rf8 31. b7 a4 32. b8=Q g5 33. Re8 a3 34.
Rxf8+ Kg7 35. Rg8+ Kh6 36. Qf8+ Kh5 37. Bf3+ 1-0

[Event "Millionaire Chess Op 2015"]
[Site "Las Vegas USA"]
[Date "2015.10.08"]
[Round "2.1"]
[White "Nakamura, Hikaru"]
[Black "Gurevich, Daniel"]
[Result "1-0"]
[WhiteTitle "GM"]
[BlackTitle "FM"]
[WhiteElo "2816"]
[BlackElo "2472"]
[WhiteFideId "2016192"]
[BlackFideId "2044676"]
[EventDate "2015.10.08"]

1. Nf3 Nf6 2. g3 b6 3. Bg2 Bb7 4. O-O e6 5. c4 c5 6. d4 cxd4 7. Qxd4 Be7 8. Nc3
d6 9. Bg5 O-O 10. Rfd1 Nc6 11. Qf4 Qb8 12. Bxf6 Bxf6 13. Rxd6 Nd4 14. Nxd4 Bxg2
15. Nc2 Bb7 16. Rad1 Qc7 17. R6d3 Qc6 18. f3 Qc5+ 19. Kg2 e5 20. Qf5 Qxc4 21.
Ne3 Qc8 22. Rd7 Bc6 23. Ncd5 Bd8 24. Ne7+ Bxe7 25. Rxe7 Qa6 26. Kf2 Rae8 27.
Qxe5 Rxe7 28. Qxe7 h6 29. Rd8 Rxd8 30. Qxd8+ Kh7 31. Qc7 Qb7 32. Qxb7 Bxb7 33.
Nf5 Kg6 34. e4 Kf6 35. Ke3 Bc8 36. Nd6 Bd7 37. Kd4 Ke6 38. Nf5 Kf6 39. Ne3 Ke6
40. g4 g6 41. h4 Bb5 42. g5 hxg5 43. hxg5 Kd6 44. f4 Be2 45. a3 Ke6 46. f5+ gxf5
47. exf5+ Kd6 48. Nc4+ Ke7 49. Ne5 Bb5 50. Ng4 Be2 51. Nf6 Bd1 52. Ke5 Bc2 53.
Nd5+ 1-0

[Event "Millionaire Chess Op 2015"]
[Site "Las Vegas USA"]
[Date "2015.10.08"]
[Round "2.2"]
[White "Li, Ruifeng"]
[Black "Caruana, Fabiano"]
[Result "1/2-1/2"]
[WhiteTitle "FM"]
[BlackTitle "GM"]
[WhiteElo "2446"]
[BlackElo "2796"]
[WhiteFideId "2061074"]
[BlackFideId "2020009"]
[EventDate "2015.10.08"]

1. e4 e5 2. Nf3 Nc6 3. Bc4 Bc5 4. b4 Bxb4 5. c3 Ba5 6. d4 d6 7. Qb3 Qd7 8. dxe5
Bb6 9. Nbd2 dxe5 10. Bb5 f6 11. Nc4 Nge7 12. O-O Qe6 13. Qa4 Bd7 14. Nxb6 cxb6
15. Ba3 Na5 16. Rfd1 Bxb5 17. Qxb5+ Kf7 18. Rd7 Rhe8 19. Rad1 Nc4 20. Qb3 Rab8
21. h3 a6 22. R1d3 b5 23. Rc7 g6 24. Bb4 Rbc8 25. Rxb7 Rb8 26. Rc7 Rbc8 27. Rb7
Rb8 28. Rc7 1/2-1/2

[Event "Millionaire Chess Op 2015"]
[Site "Las Vegas USA"]
[Date "2015.10.08"]
[Round "2.3"]
[White "So, Wesley"]
[Black "Zapata, Alonso"]
[Result "1-0"]
[WhiteTitle "GM"]
[BlackTitle "GM"]
[WhiteElo "2760"]
[BlackElo "2464"]
[WhiteFideId "5202213"]
[BlackFideId "4400011"]
[EventDate "2015.10.08"]

1. c4 g6 2. e4 Bg7 3. d4 d6 4. Nc3 Nc6 5. Be3 Nf6 6. d5 Ne5 7. f4 Ned7 8. Nh3
O-O 9. Be2 e6 10. dxe6 fxe6 11. Bf3 Qe7 12. O-O a5 13. Qd2 Nc5 14. Bxc5 dxc5 15.
e5 Nd7 16. b3 Bh6 17. Rae1 Rf5 18. Qe2 Nb8 19. Ne4 Kh8 20. Qe3 Nc6 21. g4 Rf7
22. Nhg5 Rf8 23. Nf6 Bxg5 24. fxg5 Nd4 25. Be4 Qg7 26. Nxh7 Rxf1+ 27. Rxf1 1-0

[Event "Millionaire Chess Op 2015"]
[Site "Las Vegas USA"]
[Date "2015.10.08"]
[Round "2.4"]
[White "Quintiliano Pinto, Renato R."]
[Black "Le, Quang Liem"]
[Result "0-1"]
[WhiteTitle "IM"]
[BlackTitle "GM"]
[WhiteElo "2443"]
[BlackElo "2697"]
[WhiteFideId "2117568"]
[BlackFideId "12401137"]
[EventDate "2015.10.08"]

1. d4 Nf6 2. c4 e6 3. Nf3 d5 4. Nc3 c6 5. e3 Nbd7 6. Qc2 b6 7. b3 Bb7 8. Bd3
dxc4 9. bxc4 c5 10. Qe2 Be7 11. O-O O-O 12. Bb2 Re8 13. Rfd1 cxd4 14. exd4 Qc7
15. h3 Rad8 16. Rac1 Qb8 17. Ne5 g6 18. f4 Nh5 19. Qf2 f6 20. Nxd7 Rxd7 21. Ne2
Bc6 22. Rf1 b5 23. Ng3 Ng7 24. cxb5 Bxb5 25. Bxb5 Qxb5 26. Ne4 Qd5 27. Nc5 Rc7
28. Nb3 Rec8 29. Rxc7 Rxc7 30. Qf3 Bd6 31. Qxd5 exd5 32. Rf2 Kf7 33. g3 h5 34.
Kg2 Nf5 35. g4 Ne3+ 36. Kf3 Nd1 37. Rd2 Nxb2 38. Rxb2 Rc3+ 39. Kg2 hxg4 40. hxg4
Bxf4 41. Nc5 Rg3+ 42. Kf2 g5 43. Rb7+ Kg6 44. Rxa7 Rxg4 45. Rd7 Bh2 46. Nb3 Bg1+
47. Kf3 Rf4+ 48. Kg2 Bxd4 49. Rxd5 Be5 50. Nc5 Rh4 51. Nd3 Ba1 52. Nc5 Rc4 53.
a4 Rc2+ 54. Kf1 Ra2 55. Rd8 Kf5 56. Rd5+ Kg4 57. Rd3 Be5 58. Rb3 Kh4 59. Rb4+ g4
60. Nd3 Bg3 0-1

[Event "Millionaire Chess Op 2015"]
[Site "Las Vegas USA"]
[Date "2015.10.08"]
[Round "2.5"]
[White "Kamsky, Gata"]
[Black "Norowitz, Yaacov"]
[Result "1-0"]
[WhiteTitle "GM"]
[BlackTitle "IM"]
[WhiteElo "2680"]
[BlackElo "2435"]
[WhiteFideId "2000024"]
[BlackFideId "2024799"]
[EventDate "2015.10.08"]

1. d4 Nf6 2. Bf4 e6 3. e3 Bd6 4. Bg3 O-O 5. Nd2 b6 6. Bd3 Bb7 7. Ngf3 Nc6 8. c3
h6 9. Ne5 Be7 10. O-O Nxe5 11. dxe5 Ne8 12. Qe2 d6 13. Nc4 Bh4 14. Bf4 Bg5 15.
Rad1 Bxf4 16. exf4 g6 17. Rfe1 Ng7 18. Qg4 Ba6 19. Ne3 Bxd3 20. Rxd3 Qe7 21.
exd6 cxd6 22. Qd1 Qc7 23. Rxd6 Rad8 24. Rd4 Rxd4 25. Qxd4 Rd8 26. Qe5 Qxe5 27.
fxe5 Rd2 28. Nc4 Rd5 29. a4 Nf5 30. g3 Kf8 31. f4 g5 32. Kf2 gxf4 33. gxf4 Rd3
34. Re2 Rh3 35. Kg2 Rh4 36. Kf3 Rh3+ 37. Ke4 Ke7 38. a5 b5 39. Na3 b4 40. Nb5
bxc3 41. bxc3 a6 42. Nd4 Nh4 43. c4 Kf8 44. c5 Ra3 45. c6 Ng6 46. c7 Ne7 47. Rc2
Nc8 48. Nc6 1-0

[Event "Millionaire Chess Op 2015"]
[Site "Las Vegas USA"]
[Date "2015.10.08"]
[Round "2.6"]
[White "Javakhadze, Zurab"]
[Black "Robson, Ray"]
[Result "0-1"]
[WhiteTitle "IM"]
[BlackTitle "GM"]
[WhiteElo "2432"]
[BlackElo "2680"]
[WhiteFideId "13603647"]
[BlackFideId "2023970"]
[EventDate "2015.10.08"]

1. Nf3 Nf6 2. d4 c5 3. c4 g6 4. Nc3 cxd4 5. Nxd4 d5 6. cxd5 Nxd5 7. Ndb5 Nxc3 8.
Qxd8+ Kxd8 9. bxc3 a6 10. Nd4 e5 11. Nb3 Be6 12. g3 Bd5 13. Bg5+ Kc7 14. f3 Nd7
15. Bh3 h6 16. Bd2 Nc5 17. Rb1 Rd8 18. Be3 Na4 19. Kf2 Ba3 20. Bc1 Bxc1 21.
Rhxc1 b5 22. Rc2 Nb6 23. Nc5 Ra8 24. Rd1 Bc6 25. e4 Rhd8 26. Rxd8 Kxd8 27. Bf1
Nc4 28. a4 Kc7 29. Ra2 Kb6 30. axb5 Bxb5 31. Nd7+ Bxd7 32. Bxc4 f6 33. Rd2 Kc7
34. f4 a5 35. Ke3 a4 36. Ba2 a3 37. Kd3 Bc6 38. fxe5 fxe5 39. Re2 Rb8 40. c4 Kd6
41. Kc3 Kc5 42. Rf2 Rb7 43. Bb3 Ra7 44. Ba2 Rd7 45. Bb1 Rd1 46. Bd3 Rc1+ 47. Kb3
Kd4 48. Bc2 Ba4+ 0-1

[Event "Millionaire Chess Op 2015"]
[Site "Las Vegas USA"]
[Date "2015.10.08"]
[Round "2.7"]
[White "McShane, Luke J"]
[Black "Sheng, Joshua"]
[Result "1-0"]
[WhiteTitle "GM"]
[BlackTitle "FM"]
[WhiteElo "2674"]
[BlackElo "2425"]
[WhiteFideId "404853"]
[BlackFideId "2057360"]
[EventDate "2015.10.08"]

1. e4 c5 2. Nf3 e6 3. g3 d5 4. exd5 exd5 5. d4 Nc6 6. Bg2 Bd6 7. O-O Nge7 8. Nc3
O-O 9. dxc5 Bxc5 10. Ne1 d4 11. Ne4 Bb6 12. Nd3 Bf5 13. Re1 Rc8 14. Bf4 Nd5 15.
Qf3 Bg6 16. a3 Nxf4 17. Qxf4 Ne7 18. Re2 Bc7 19. Qh4 b6 20. Rae1 Bb8 21. Bh3 Rc7
22. Nf4 h6 23. Nxg6 Nxg6 24. Qxd8 Rxd8 25. f4 Kf8 26. Nd6 Re7 27. Rxe7 Nxe7 28.
Nc4 b5 29. Na5 Bc7 30. Nb7 Rd5 31. Bg2 Rd7 32. Nc5 Rd8 33. Be4 Bb6 34. Nd3 Nc8
35. Kf1 Nd6 36. Ne5 Nc4 37. Bd3 Ne3+ 38. Ke2 a6 39. Kd2 g6 40. Ra1 Bc7 41. Nc6
Rd6 42. Nxd4 Bb6 43. Nf3 Kg7 44. Kc3 Bd8 45. Kb3 Bf6 46. Re1 Nd5 47. Re8 Nb6 48.
Be2 Na4 49. c3 g5 50. fxg5 hxg5 51. Kc2 g4 52. Nd2 1-0

[Event "Millionaire Chess Op 2015"]
[Site "Las Vegas USA"]
[Date "2015.10.08"]
[Round "2.8"]
[White "Kaliksteyn, Alexander"]
[Black "Bareev, Evgeny"]
[Result "0-1"]
[WhiteTitle "FM"]
[BlackTitle "GM"]
[WhiteElo "2420"]
[BlackElo "2669"]
[WhiteFideId "2007630"]
[BlackFideId "4100140"]
[EventDate "2015.10.08"]

1. c4 f5 2. g3 Nf6 3. Bg2 e5 4. d4 d6 5. Nf3 e4 6. Ng5 h6 7. Nh3 g5 8. Nc3 Bg7
9. Ng1 c5 10. dxc5 dxc5 11. Qxd8+ Kxd8 12. h4 g4 13. Bf4 Be6 14. O-O-O+ Ke7 15.
Nd5+ Bxd5 16. cxd5 Rd8 17. f3 Nxd5 18. fxe4 Nxf4 19. Rxd8 Nxg2 20. Rg8 Be5 21.
exf5 Ne3 22. Nf3 gxf3 23. exf3 Kf7 24. Rc8 Bxg3 25. h5 Nxf5 26. Rd1 Ne7 27. Rcd8
a5 0-1

[Event "Millionaire Chess Op 2015"]
[Site "Las Vegas USA"]
[Date "2015.10.08"]
[Round "2.9"]
[White "Najer, Evgeniy"]
[Black "Korley, Kassa"]
[Result "1/2-1/2"]
[WhiteTitle "GM"]
[BlackTitle "IM"]
[WhiteElo "2658"]
[BlackElo "2388"]
[WhiteFideId "4118987"]
[BlackFideId "2033801"]
[EventDate "2015.10.08"]

1. e4 e6 2. d4 d5 3. Nc3 Nf6 4. e5 Nfd7 5. f4 c5 6. Nf3 Nc6 7. Be3 a6 8. Qd2 b5
9. Be2 b4 10. Nd1 c4 11. O-O Nb6 12. Bf2 Be7 13. b3 a5 14. Ne3 c3 15. Qd1 a4 16.
Bb5 Kd7 17. f5 Ba6 18. bxa4 Bxb5 19. axb5 Na5 20. f6 gxf6 21. exf6 Bd6 22. Ng5
Qg8 23. Qh5 Qg6 24. Qxg6 hxg6 25. Bg3 Bxg3 26. hxg3 Rhf8 27. Kf2 Nac4 28. Rh1
Nxe3 29. Kxe3 Nc4+ 30. Kd3 e5 31. dxe5 Nxe5+ 32. Ke3 Kd6 33. Rh7 1/2-1/2

[Event "Millionaire Chess Op 2015"]
[Site "Las Vegas USA"]
[Date "2015.10.08"]
[Round "2.10"]
[White "Sorkin, Igor"]
[Black "Shankland, Samuel L"]
[Result "1/2-1/2"]
[BlackTitle "GM"]
[WhiteElo "2392"]
[BlackElo "2638"]
[WhiteFideId "2803283"]
[BlackFideId "2004887"]
[EventDate "2015.10.08"]

1. d4 Nf6 2. Nf3 g6 3. c4 Bg7 4. Nc3 d5 5. cxd5 Nxd5 6. Bd2 O-O 7. e4 Nb6 8. Be3
Bg4 9. Be2 Bxf3 10. gxf3 Nc6 11. d5 Ne5 12. Qb3 c6 13. f4 Ned7 14. dxc6 bxc6 15.
Rd1 e6 16. h4 Qe7 17. h5 Rab8 18. Qc2 Rfd8 19. hxg6 hxg6 20. Kf1 Nf6 21. Rxd8+
Rxd8 22. Rg1 Bh6 23. Rh1 Bg7 24. Rg1 Bh6 25. Rh1 1/2-1/2

[Event "Millionaire Chess Op 2015"]
[Site "Las Vegas USA"]
[Date "2015.10.08"]
[Round "2.11"]
[White "Rensch, Daniel"]
[Black "Zherebukh, Yaroslav"]
[Result "1/2-1/2"]
[WhiteTitle "IM"]
[BlackTitle "GM"]
[WhiteElo "2384"]
[BlackElo "2637"]
[WhiteFideId "2017202"]
[BlackFideId "14116804"]
[EventDate "2015.10.08"]

1. e4 c5 2. Nf3 e6 3. d4 cxd4 4. Nxd4 Nc6 5. Nc3 a6 6. Be3 Nf6 7. Nxc6 bxc6 8.
e5 Nd5 9. Nxd5 cxd5 10. Bd3 d6 11. exd6 Bxd6 12. O-O O-O 13. Qe2 Qf6 14. Rfd1
Bb7 15. c4 Rfb8 16. Rac1 g6 17. cxd5 Bxd5 18. b3 Qh4 19. h3 Ba3 20. Rc2 a5 21.
Bc4 Bb7 22. Rd4 Qe7 23. Rcd2 Bc6 24. Bf4 Re8 25. Be5 Bb4 26. Rd1 Red8 27. Qe3
Rxd4 28. Bxd4 Bd6 29. Qh6 e5 30. Be3 Bb4 31. a4 Re8 32. h4 Qf6 33. Qg5 Qxg5 34.
hxg5 Rc8 35. Bb6 Bxa4 36. bxa4 Rxc4 37. Rd8+ Kg7 38. Ra8 Be7 39. Rxa5 Bxg5 40.
g3 Bf6 41. Ra8 e4 42. a5 Bd4 43. Re8 f5 44. Re7+ Kh6 45. Kf1 Rb4 46. Bxd4 Rxd4
47. a6 Ra4 48. a7 Ra2 49. Kg2 g5 50. g4 fxg4 51. Kg3 Kg6 52. Rxe4 h5 53. Re7
Ra3+ 54. Kg2 h4 55. Rb7 Ra2 56. Kg1 Kh6 57. Rc7 h3 58. Rb7 Kg6 59. Kh1 Kf6 60.
Kg1 Kf5 61. Rb5+ Kg6 62. Rb7 g3 63. fxg3 Kh5 64. Rb2 Rxa7 65. Kh2 g4 66. Rb5+
Kg6 67. Rb6+ Kf5 68. Rb5+ Ke6 69. Rb6+ Kd5 70. Rb5+ Kd6 71. Rb4 Rg7 72. Rf4 1/2-1/2

[Event "Millionaire Chess Op 2015"]
[Site "Las Vegas USA"]
[Date "2015.10.08"]
[Round "2.12"]
[White "Herman, Matthew J"]
[Black "Durarbayli, Vasif"]
[Result "0-1"]
[BlackTitle "GM"]
[WhiteElo "2384"]
[BlackElo "2618"]
[WhiteFideId "2028964"]
[BlackFideId "13402935"]
[EventDate "2015.10.08"]

1. e4 e5 2. Nf3 Nc6 3. Bc4 Bc5 4. c3 Nf6 5. d3 O-O 6. Bg5 d6 7. Nbd2 Be6 8. O-O
h6 9. Bh4 a6 10. a4 Bb6 11. h3 Qe7 12. Kh1 Rad8 13. Qe2 Kh8 14. g4 g5 15. Nxg5
hxg5 16. Bxg5 Rg8 17. f4 exf4 18. Bxf4 d5 19. a5 dxc4 20. axb6 Rxd3 21. Rf3 Rxf3
22. Qxf3 cxb6 0-1

[Event "Millionaire Chess Op 2015"]
[Site "Las Vegas USA"]
[Date "2015.10.08"]
[Round "2.13"]
[White "Shimanov, Aleksandr"]
[Black "Meinhardt, Maximilian"]
[Result "1/2-1/2"]
[WhiteTitle "GM"]
[BlackTitle "IM"]
[WhiteElo "2593"]
[BlackElo "2381"]
[WhiteFideId "4198603"]
[BlackFideId "4668766"]
[EventDate "2015.10.08"]

1. d4 e6 2. g3 d5 3. Bg2 c5 4. Nf3 Nc6 5. O-O Nf6 6. c4 Be7 7. cxd5 exd5 8. dxc5
Bxc5 9. a3 Ne4 10. b4 Be7 11. Bb2 Bf6 12. Qb3 Be6 13. Nbd2 O-O 14. Rad1 Nd6 15.
b5 Na5 16. Bxf6 Qxf6 17. Qb4 Nac4 18. Nxc4 Nxc4 19. Nd4 Rac8 20. e3 Rfd8 21. Rc1
Qh6 22. Nxe6 fxe6 23. Qe7 Rb8 24. e4 Re8 25. Qb4 Nd2 26. Rfd1 Nxe4 27. Bxe4 dxe4
28. Qxe4 Re7 29. Qd4 b6 30. Qd6 Rbe8 31. Rc8 Qf6 32. Qc6 Rxc8 33. Qxc8+ Kf7 34.
Rd8 Kg6 35. Rd6 Qe5 36. Qc6 Kf5 37. Qf3+ Kg6 38. Qg4+ Kf7 39. Rd4 Qxb5 40. Qf3+
Kg8 41. Qa8+ Re8 42. Qxa7 Rc8 43. h4 e5 44. Rd7 Rc1+ 45. Kh2 Rh1+ 46. Kxh1 1/2-1/2

[Event "Millionaire Chess Op 2015"]
[Site "Las Vegas USA"]
[Date "2015.10.08"]
[Round "2.14"]
[White "Milovanovic, Rade"]
[Black "Stukopin, Andrey"]
[Result "1/2-1/2"]
[WhiteTitle "IM"]
[BlackTitle "GM"]
[WhiteElo "2381"]
[BlackElo "2572"]
[WhiteFideId "922935"]
[BlackFideId "24107131"]
[EventDate "2015.10.08"]

1. e4 c5 2. Nf3 e6 3. c3 Nf6 4. e5 Nd5 5. d4 cxd4 6. cxd4 b6 7. Nc3 Nxc3 8. bxc3
Qc7 9. Bd2 d6 10. Bb5+ Nd7 11. O-O a6 12. exd6 Bxd6 13. Bd3 Bb7 14. Qe2 O-O 15.
Ng5 h6 16. Nf3 Rfe8 17. Be4 Bxe4 18. Qxe4 e5 19. Rfe1 Nf6 20. Qf5 e4 21. Nh4
Bxh2+ 22. Kh1 Rad8 23. g3 Bxg3 24. fxg3 Qxg3 25. Qf4 Qh3+ 26. Qh2 Qe6 27. Ng2
Ng4 28. Qg3 g5 29. Ne3 Nxe3 30. Bxe3 Kh7 31. Rf1 f5 32. Qe5 f4 33. Qxe6 Rxe6 34.
Bxf4 gxf4 35. Rxf4 Rc8 36. Rg1 Re7 37. Rf6 Rxc3 38. Rxb6 Rh3+ 39. Kg2 Ra3 40.
Rh1 Rg7+ 41. Kf2 Rg6 42. Rxg6 Kxg6 43. Rh4 Rxa2+ 44. Ke3 Ra1 45. Kxe4 a5 46. Kf3
Rf1+ 47. Ke2 Rf6 48. d5 Ra6 49. Ra4 Kf6 50. d6 Kf7 51. Rf4+ Ke6 1/2-1/2

[Event "Millionaire Chess Op 2015"]
[Site "Las Vegas USA"]
[Date "2015.10.08"]
[Round "2.15"]
[White "Ramirez, Alejandro"]
[Black "Coleman, Teddy"]
[Result "1-0"]
[WhiteTitle "GM"]
[BlackTitle "IM"]
[WhiteElo "2586"]
[BlackElo "2378"]
[WhiteFideId "6500617"]
[BlackFideId "2022010"]
[EventDate "2015.10.08"]

1. Nf3 d5 2. c4 c6 3. d4 Nf6 4. Qb3 dxc4 5. Qxc4 Bg4 6. Nbd2 Nbd7 7. g3 Qc7 8.
Bg2 e5 9. O-O Bd6 10. dxe5 Nxe5 11. Nxe5 Bxe5 12. Nf3 Bd6 13. Bg5 Bxf3 14. Bxf3
Be5 15. Rab1 O-O 16. b4 Rad8 17. Rfc1 a6 18. a4 h6 19. Be3 Nd5 20. Bxd5 Rxd5 21.
Qxd5 cxd5 22. Rxc7 Bxc7 23. b5 Rd8 24. Bd4 Ba5 25. Rc1 axb5 26. axb5 f6 27. f4
Kf7 28. f5 g6 29. b6 Rd7 30. g4 h5 31. gxh5 gxf5 32. Rc8 Kg7 33. Kf2 Kh6 34. Kf3
Kxh5 35. Kf4 Kg6 36. Rg8+ Kf7 37. Ra8 Bd2+ 38. Kxf5 Re7 39. Rc8 Rxe2 40. Rc7+
Ke8 41. Rxb7 Re4 42. Bxf6 Ba5 43. h4 1-0

[Event "Millionaire Chess Op 2015"]
[Site "Las Vegas USA"]
[Date "2015.10.08"]
[Round "2.16"]
[White "De Guzman, Ricardo"]
[Black "Ortiz Suarez, Isan Reynaldo"]
[Result "0-1"]
[WhiteTitle "IM"]
[BlackTitle "GM"]
[WhiteElo "2369"]
[BlackElo "2581"]
[WhiteFideId "5200121"]
[BlackFideId "3507165"]
[EventDate "2015.10.08"]

1. d4 Nf6 2. Nf3 b6 3. c3 Bb7 4. Bg5 Ne4 5. Bh4 g6 6. Nbd2 Bg7 7. e3 Nxd2 8.
Qxd2 O-O 9. Bd3 c5 10. O-O d6 11. Qe2 Nd7 12. a4 Nf6 13. Rfe1 Qc7 14. e4 Nh5 15.
Bg3 Nxg3 16. hxg3 e6 17. Ba6 cxd4 18. Bxb7 Qxb7 19. Nxd4 Bxd4 20. cxd4 Rfc8 21.
g4 Rc7 22. Qd2 Rac8 23. Qf4 d5 24. e5 Rc2 25. Ra3 Qc7 26. Qh6 Rc1 27. Re3 Rxe1+
28. Rxe1 Qc2 29. Qf4 Qxb2 30. Re3 Qd2 31. Kh2 Rc2 32. Kg3 Rc3 33. Rxc3 Qxc3+ 34.
Kh4 h6 35. Qxh6 Qxd4 36. f4 Qxa4 37. Qg5 Qd7 38. Qf6 d4 39. Kg5 Kh7 0-1